01608nam0a2200301 4500001001800000005001700018010001800035021001900053035002600072100004100098101001300139102000700152105001800159200019400177210006100371215004900432300007500481320004000556320004100596454007100637606020700708606025200915686001601167700005301183801002801236801002201264852002001286RU\NLR\bibl\8014720250616103705.0 a5-8459-0017-4 aRUb1999-51261 a(NLR Aleph) 000078246 a20000412d1999 |||y0rusy50 ca1 arusceng aRU aa |||||||||1 aAutoCAD 2000. Библия пользователяe[Учеб. пособиеeПер. с англ.]fЭллен Финкельштейнg[Предисл. Вейна Ходгинса] aМ. и др.cДиалектикаcВильямсd1999 a1039 с.cил.d24eКомпакт-диск aЗагл. и авт. ориг.: AutoCAD 2000. Bible/ Ellen Finkelstein aПредм. указ.: с.1030-1039 aДр. тр. авт. на 25-й с. 012001#$aAutoCAD 2000. Bible$fEllen FinkelsteintAutoCAD 2000. Bible0 aAutoCAD 2000, система автоматизированного проектированияjРуководства, пособия и т.п. для высшей школы3RU\NLR\auth\6612899810 aAutoCAD 2000, система автоматизированного проектированияjУчебные издания для высшей школыjУчебные издания для высшей школы3RU\NLR\auth\661289981 aЖ2-5-05я7 1aФинкельштейнbЭ.gЭллен4070 0aRUbNLRc20000412gPSBO 1aRUbNLRc20000412 aNLRj2000-7/114